al-Shiʻr al-ʻIrāqī al-ḥadīth. (Record no. 48816)

MARC details
000 -LEADER
fixed length control field 00673cam a22002531 4500
001 - CONTROL NUMBER
control field ne 66000761
003 - CONTROL NUMBER IDENTIFIER
control field DLC
005 - DATE AND TIME OF LATEST TRANSACTION
control field 20260227111822.0
008 - FIXED-LENGTH DATA ELEMENTS--GENERAL INFORMATION
fixed length control field 890227s1965 xx 000 0 ara
010 ## - LIBRARY OF CONGRESS CONTROL NUMBER
LC control number ne 66000761
035 ## - SYSTEM CONTROL NUMBER
System control number (OCoLC)23485186
040 ## - CATALOGING SOURCE
Original cataloging agency DLC
Transcribing agency MiU
Modifying agency DLC
042 ## - AUTHENTICATION CODE
Authentication code premarc
050 00 - LIBRARY OF CONGRESS CALL NUMBER
Classification number PJ8040
Item number .I92
100 2# - MAIN ENTRY--PERSONAL NAME
Personal name ʻIzz al-Dīn, Yūsuf.
245 13 - TITLE STATEMENT
Title al-Shiʻr al-ʻIrāqī al-ḥadīth.
260 ## - PUBLICATION, DISTRIBUTION, ETC.
Date of publication, distribution, etc. 1965
300 ## - PHYSICAL DESCRIPTION
Extent 287 p.
Dimensions 24 cm.
490 1# - SERIES STATEMENT
Series statement #
Volume/sequential designation 35
500 ## - GENERAL NOTE
General note At head of title: #
504 ## - BIBLIOGRAPHY, ETC. NOTE
Bibliography, etc. note Bibliography : p. 277-285.
650 #0 - SUBJECT ADDED ENTRY--TOPICAL TERM
Topical term or geographic name entry element Arabic poetry
Geographic subdivision Iraq
General subdivision History and criticism
830 #0 - SERIES ADDED ENTRY--UNIFORM TITLE
Uniform title Maktabah al-ʻArabīyah ;
Volume/sequential designation 35.

No items available.

Powered by Koha